Loading...

Energy sources and requirement of Kerala

Bibliographic Details
Main Author: Prakash V
Format: Ph.D Thesis
Published: University of Kerala
Subjects:
LEADER 00443nam a2200193 4500
020
082 |a D28 
100 |a Prakash V 
245 |a Energy sources and requirement of Kerala 
250
260 |a University of Kerala 
300
490
500
590
650 |a MPhil 
942 |c THES 
999 |c 118060  |d 118060 
952 |0 0  |1 0  |4 0  |6 D_28_000000000000000  |7 0  |9 131527  |a ECN  |b ECN  |l 0  |o D28  |p ECND28  |r 2019-09-25  |w 2019-09-25  |y THES